000 00282nam a22001337a 4500
008 170203b xxu||||| |||| 00| 0 eng d
020 _a32805
041 _aeng
080 _a61
100 _a3
101 _aSHM
245 _aDIAGNOSTIC EXAMINATION
_cDEGOWIN, E.L
942 _2udc
_cBK
999 _c4454
_d4454